Biostatistics : how it works /

Λεπτομέρειες βιβλιογραφικής εγγραφής
Μορφή: Βιβλίο
Έκδοση: c2004.
Θέματα:
Classic Catalogue: View this record in Classic Catalogue
LEADER 01096nam a2200241 a 4500
001 0016944
003 BD-DhAAL
008 090519s2004 njua b 001 0 eng d
020 |a 813171330x 
040 |a DLC  |c DLC  |d YDX   |d BD-DhAAL 
082 0 4 |a 570.15195  |2 22 
245 1 0 |a Biostatistics :  |b how it works /  |c Steve Selvin.  
260 |c c2004.  
300 |a unnumbered pages :  |b illustrations ;  |c 24 cm 
526 |a CSE  |x Dr. Mumit Khan Professor and Chairperson Department of Computer Science and Engineering BRAC University 
541 1 |e 0016944  |a Smart Books 
650 0 |a Medical statistics.  |9 30204 
650 0 |a Statistics.  |9 30205 
650 0 |a Medicine  |x Research  |x Statistical methods.  |9 30206 
852 4 |a Ayesha Abed Library  |c General Stacks 
942 |2 ddc  |c BK 
999 |c 835  |d 835 
952 |0 0  |1 0  |2 ddc  |4 0  |6 610_727000000000000_BIO_2007  |7 0  |9 779  |a BRACUL  |b BRACUL  |c GEN  |d 2009-05-19  |e Smart Books  |g 394.00  |l 16  |m 87  |o 610.727 BIO  |p 3010016944  |r 2026-04-01  |s 2026-03-29  |t 1  |w 2009-05-19  |y BK  |x Requisitioned by Dr. Mumit Khan (Professor and Chairperson, Department of Computer Science and Engineering, BRAC University).